01435nam a2200265Ia 4500001000600000003000900006008004100015040001300056040001300069041001300082100001100095100002900106245007800135245007800213250001100291260001200302260002000314260004900334300005700383500062000440650003201060650003101092700001801123700002801141C9577IT-RoPAU130308s9999 xx 000 0 und d aIT-RoPAU cIT-RoPAU aITALIANO aAA.VV. gCodice Aut. SPICS: 12000 aColori, paesaggi, linguaggi. La cultura africana attraverso il suo cinema bColori, Paesaggi, Linguaggi. La Cultura Africana Attraverso Il suo Cinema a1a ed. aVENEZIA bCinit/Cineforum c1994 [1° Ed.:1994 - Ed.Ling.Originale:1994] a"112 p. (prefazione: no ; testo: 112 [pagine: 0-0])" aNote Sul progetto Culturale Inserito nella 51 Edizione della mostra di Arte Cinematografica di Venezia. Riflessioni Sulla Cultura Africana Tramite I Suoi Film. Schede e recensioni con Riflessioni su Parecchi Film: nel Nome di Cristo di Roger Gnoan M'Bala, Yenes di Djibril Diop Mambety, Bosco Sacro di Mohamed Soudani, a nous la rue di Moustapha Dao e tanti Altri Film Africani. intervista a Gaston Kabore'. Appunti Sul Cinema Africano Oggi, dal Iv festival del Cinema Africano, Milano 18/24 Marzo 1994. Spazio Filmico Come Conoscenza del Reale. Educazione Interculturale e Alla Pace Attraverso Lo Strumento Cinema. aSTORIA NAZIONALE DEL CINEMA eCodice materia Spics: 6809 aSerra Michele gCodice Aut. SPICS: 1341